000 01020nam a2200313 a 4500
001 81493
003 BD-RjUL
005 20230601101512.0
008 230601s2016 nyua 001 0 eng
020 _a9780078025556
035 _a(BD-RjUL)81493
040 _aDLC
_beng
_cDLC
_erda
_dDLC
_dBD-RjUL
041 _aeng
082 0 0 _223
_a657
_bPHF 2016
100 1 _aPhillips, Fred.
_97798
245 1 0 _aFundamentals of financial accounting /
_cFred Phillips, University of Saskatchewan, Robert Libby, Cornell University, Patricia A. Libby, Ithaca College.
250 _aEighth edition.
264 1 _aNew York, NY :
_bMcGraw-Hill Education,
_c2016
300 _axxxvi, 632 pages :
_bchiefly color illustrations;
_c28 cm
336 _atext
_btxt
_2rdacontent
337 _aunmediated
_bn
_2rdamedia
338 _avolume
_bnc
_2rdacarrier
500 _aIncludes indexes.
650 0 _aAccounting.
700 1 _aLibby, Robert.
_97799
700 1 _aLibby, Patricia A.
_97800
942 _2ddc
_cBK
999 _c81493
_d81493